00567nam a2200181 a 45000010010000000030011000100080041000210350026000620820014000881000025001022450039001272600047001666500035002139420012002489520090002609980020003509990015003700000-8835ELIB.Books110520 1980  a(ELIB.Books)0000-8981 a241 bSwi aSwindoll, Charles R. aThree steps forward two steps back bNashville: Thomas Nelson Publishers c1980 aDictionary of Christian Ethics 2ddccBK 00102ddc4070aKBTSbKBTSd2011-05-20l0p7655r2022-01-22 00:00:00w2022-01-22yBK cbate2011-05-20 c8835d8835